| 000 | 00417nam a22001457a 4500 | ||
|---|---|---|---|
| 008 | 230616b |||||||| |||| 00| 0 eng d | ||
| 040 |
_aNational Science Library _cNational Science Library |
||
| 080 |
_a621.74 _bM9 |
||
| 245 | _aFoundry engineering handbook | ||
| 260 |
_aAndhra Pradesh: _bUtility Publications Limited, _c1989 |
||
| 300 | _a412p. | ||
| 650 | _aScience | ||
| 653 | _aFoundry | ||
| 942 |
_2udc _cHDK |
||
| 999 |
_c44182 _d44182 |
||